Průmyslová technologie - chemický průmysl.

Uložené v:
Podrobná bibliografia
Hlavný autor: Pecha, Ivo
Médium: Kniha
Jazyk:Czech
Vydané: Praha : Státní pedagogické nakladatelství, 1978.
Fyzický popis: 261 strán.
Tagy: Pridať tag
Žiadne tagy, Buďte prvý kto otaguje tento záznam!

MARC

LEADER 00000nam a22000002i 4500
001 000737726
005 20251003093427.0
008 251003s1978 xr e 000 0 cze d
020 |c Kčs 17,50  |q (brožované) 
040 |a SVKKK  |b slo  |c SVKKK  |e rda 
100 1 |a Pecha, Ivo 
245 1 0 |a Průmyslová technologie - chemický průmysl. 
264 1 |a Praha :  |b Státní pedagogické nakladatelství,  |c 1978. 
300 |a 261 strán. 
336 |a text  |b txt  |2 rdacontent 
337 |a bez média  |b n  |2 rdamedia 
338 |a zväzok  |b nc  |2 rdacarrier 
500 |a Záznam revízie 
910 |a svkkk 
998 |a BK 
090 |g SCKHL  |k Sklad Pribinova 3. posch.  |a V.115345  |j 584140  |i 2721179118  |s Povinný výt.